Dočkal, V. - Duchovičová, J.: Talent v škole

Bibliographic Details
Main Author: Koleňáková, Rebeka Štefánia, 1992- (Author)
Format: Article
Language:Slovak
ISSN:1335-2733
Subjects:

MARC

LEADER 00000nab a2200000 4500
001 vtls011749377
003 SK-MaSNL
005 20260303082056.0
008 180405|2017 xo |||| || ||00 0|slo
015 |a SNBRB2018/04 
040 |e rda 
041 |a slo 
044 |a xo  |c SK 
072 7 |a 373.2/.3  |x Predškolská a primárna výchova a vzdelávanie  |2 konspekt 
080 |a 373.3.011.3-052-056.45  |2 2001 
100 1 |a Koleňáková, Rebeka Štefánia,  |d 1992-  |4 aut  |9 504496 
245 1 0 |a Dočkal, V. - Duchovičová, J.: Talent v škole  |c Rebeka Štefánia Koleňáková 
336 |a text  |b txt  |2 rdacontent 
337 |a bez média  |b n  |2 rdamedia 
338 |a zväzok  |b nc  |2 rdacarrier 
650 0 7 |a talentovaní žiaci  |2 SNKPH  |9 81780 
655 7 |a recenzie  |2 snkbucl  |9 21907 
773 0 |t Naša škola  |g Roč. 21, č. 5-6(2017/18), s. 65  |x 1335-2733 
787 0 8 |i Recenzia:  |a Dočkal, V.  |t Talent v škole  |d Bratislava : Raabe, 2017 
787 0 8 |i Recenzia:  |a Duchovičová, J.  |t Talent v škole  |d Bratislava : Raabe, 2017 
856 4 1 |a www.pamiko.sk 
999 |c 1786713  |d 1788643